| 000 | 00586nam a2200181Ia 4500 | ||
|---|---|---|---|
| 005 | 20250423100254.0 | ||
| 008 | 250422s9999 xx 000 0 und d | ||
| 020 | _a9781579126230 | ||
| 050 | _aPR6005.H66 C47/ | ||
| 100 | _a Christie, Agatha | ||
| 245 | 0 | _aMurder on orient express: A hercule poirot mystery | |
| 260 | _aNew York | ||
| 260 | _bBlack Dog & Leventhal Publishers | ||
| 260 | _c2006 | ||
| 300 | _a266 p | ||
| 650 | _a Poirot, Hercule (Fictitious character)--Fiction. Private investigators--England--Fiction. Orient Express (Express train)--Fiction | ||
| 942 | _cBK | ||
| 999 |
_c32800 _d32800 |
||